INFORME FINAL DEL EJERCICIO PROFESIONAL SUPERVISADO, REALIZADO EN LA GRANJA PECUARIA DEL CENTRO UNIVERSITARIO DEL NORTE (CUNOR), UBICADA EN COBÁN, ALTA VERAPAZ./ (Registro nro. 2301)

Detalles MARC
000 -LEADER
campo de control de longitud fija 02907nam a22003257a 4500
001 - NÚMERO DE CONTROL
campo de control TZ 0045
003 - IDENTIFICADOR DE NÚMERO DE CONTROL
campo de control gtcocun
005 - FECHA Y HORA DE LA ÚLTIMA TRANSACCIÓN
campo de control 20251008194923.0
006 - CÓDIGOS DE INFORMACIÓN DE LONGITUD FIJA--CARACTERÍSTICAS DEL MATERIAL ADICIONAL
campo de control de longitud fija a||||gr|||| 00| 0
007 - CAMPO FIJO DE DESCRIPCIÓN FÍSICA--INFORMACIÓN GENERAL
campo de control de longitud fija ta
008 - DATOS DE LONGITUD FIJA--INFORMACIÓN GENERAL
campo de control de longitud fija 251008b2012 gt ||||| |||| 00| 0 eng d
040 ## - FUENTE DE CATALOGACIÓN
Centro catalogador/agencia de origen gtcocun
Lengua de catalogación SPA
Centro/agencia transcriptor gtcocun
Normas de descripción RDA
041 ## - CÓDIGO DE IDIOMA
Código de lengua del texto/banda sonora o título independiente SPA TZ 0045
084 ## - OTRO NÚMERO DE CLASIFICACIÓN
Número de control del registro de autoridad o número normalizado TZ 0045
100 ## - ENTRADA PRINCIPAL--NOMBRE DE PERSONA
Nombre de persona Fuentes Coy, Nikté Alejandra
Término indicativo de función/relación Autor
245 ## - MENCIÓN DEL TÍTULO
Título INFORME FINAL DEL EJERCICIO PROFESIONAL SUPERVISADO, REALIZADO EN LA GRANJA PECUARIA DEL CENTRO UNIVERSITARIO DEL NORTE (CUNOR), UBICADA EN COBÁN, ALTA VERAPAZ./
Mención de responsabilidad, etc. Nikte oote
Medio Impreso
264 ## - PRODUCCIÓN, PUBLICACIÓN, DISTRIBUCIÓN, FABRICACIÓN Y COPYRIGHT
Producción, publicación, distribución, fabricación y copyright Cobán, Alta Verapaz:
Nombre del de productor, editor, distribuidor, fabricante Universidad de San Carlos de Guatemala, Centro Universitario del Norte, Zootecnia
Fecha de producción, publicación, distribución, fabricación o copyright 2012
300 ## - DESCRIPCIÓN FÍSICA
Extensión 71 p.:
Otras características físicas Ilustraciones, gráficas.
Dimensiones 28 cm;
336 ## - TIPO DE CONTENIDO
Fuente rdacontenido
Término de tipo de contenido Texto
Código de tipo de contenido txt
337 ## - TIPO DE MEDIO
Fuente rdamedio
Nombre/término del tipo de medio Computadora
Código del tipo de medio n
338 ## - TIPO DE SOPORTE
Fuente rdasoporte
Nombre/término del tipo de soporte Código en línea
Código del tipo de soporte cr
502 ## - NOTA DE TESIS
identificador de la tesis TZ 0045
502 ## - NOTA DE TESIS
Nota de tesis Tesis de grado
Tipo de título Zootecnia,
Nombre de la institución que otorga el título Universidad de San Carlos de Guatemala, Centro Universitario del Norte, Zootecnia
Año de obtención del título 2012
Identificador de la tesis TZ 0045
520 14 - RESUMEN, ETC.
Sumario, etc. La granja experimental de la Carrera de Zootecnia del Centro Universitario<br/>del Norte (CUNOR), es una unidad que funciona con presupuesto de la Universidad de San Carlos de Guatemala, el objetivo primordial es brindar conocimientos prácticos a los estudiantes de la Carrera de Zootecnia y<br/>complementar su formación académica; por tanto, se asignó como unidad de práctica.<br/><br/>El Ejercicio Profesional Supervisado tuvo una duración de ocho meses, se realizaron diversas actividades planificadas y no planificadas para solucionar de<br/>alguna manera, problemas encontrados durante la investigación diagnóstica.<br/>Por la falta de presupuesto fue difícil completar ciertas actividades como la<br/>implementación de cerca eléctrica en potreros.<br/><br/>En la investigación inferencial, se evaluaron tres abonos orgánicos: Bovino, ovino y porcino en el pasto parafina (Brachiaria sp), esta se ejecutó en la granja experimental del Centro Universitario del Norte (CUNOR) y de acuerdo con el resultado obtenido se observo que el abono de ovino superó significativamente al de bovino y porcino.<br/><br/>Durante el transcurso del EPS se efectuaron actividades de extensión y servicio<br/>en la comunidad de Siguanha, donde se vacunaron aves de traspatio contra<br/>Newcastle y viruela. También se brindaron capacitaciones sobre manejo de<br/>animales domésticos, las cuales fueron dirigidas a líderes de las comunidades<br/>cercanas al municipio de Cobán, Alta Verapaz.
650 1# - PUNTO DE ACCESO ADICIONAL DE MATERIA--TÉRMINO DE MATERIA
Fuente del encabezamiento o término LEMB
Término de materia o nombre geográfico como elemento de entrada Cobán, Alta Verapaz
Subdivisión general Zootecnia
-- Granja
-- Porcino
-- Potreros
-- Ovino
-- Siguanha
700 ## - ENTRADA AGREGADA--NOMBRE PERSONAL
Nombre de persona Lic. Zoot. Mauricio Arturo Quiroa Roldán
Término indicativo de función/relación Asesor
856 ## - LOCALIZACIÓN Y ACCESO ELECTRÓNICOS
Identificador Uniforme de Recurso <a href="https://drive.google.com/file/d/1WsMBZoa6ux0vEAEzRu6sADTqT1NLHCUP/view">https://drive.google.com/file/d/1WsMBZoa6ux0vEAEzRu6sADTqT1NLHCUP/view</a>
Texto de enlace PDF
Nota pública Un ejemplar en línea.
942 ## - ELEMENTOS DE ENTRADA SECUNDARIOS (KOHA)
Fuente de la clasificación o esquema de estantería Clasificación Decimal Dewey
Tipo de ítem Koha TESIS
Parte de la signatura que identifica el ejemplar (Parte del ítem) TZ 0045
Prefijo de la signatura Clasificación
Suprimir en OPAC No
-- TZ_0045_000000000000000
Existencias
Estatus retirado Estado de pérdida Fuente de la clasificación o esquema de estantería Estado de daño No para préstamo Colección Biblioteca de origen Biblioteca actual Ubicación en estantería Fecha de adquisición Número de inventario Total de préstamos Signatura topográfica completa Código de barras Visto por última vez Precio de reemplazo Tipo de ítem Koha
    Clasificación Decimal Dewey     tesis BIBLIOTECA- CUNOR -JOSÉ LUIS GONZALES ROSALES BIBLIOTECA- CUNOR -JOSÉ LUIS GONZALES ROSALES Colección tesis 16/09/2025 TZ 0045   TZ 0045 TZ 0045 16/09/2025 16/09/2025 TESIS